00445 2200169 4500001002100000008004100021035002000062245004500082100001900127260003900146300001200185020002200197084001800219082000800237650001200245990001800257INLIS000000000000958 ind  a0010-0724000958 aKehidupan Di AirbDi AircColvin, Speare aColvin, Speare aJakarta :bGading inti primac2009 a62 hlm. a978-979-3846-96-5 a551.456 COL K a551 aGeologi aP29/CP/24/958